00360cam a2200133 4500020001500000082001400015100001600029245002700045260003600072300001900108490005200127650002400179650002300203 a014080098000a541.2 URC1 aUrch, D. S.10aOrbitals and symmetry, aHarmondsworth,bPenguin,c1970. a256 p.billus.0 aPenguin library of physical sciences. Chemistry 0aMolecular orbitals. 0aSymmetry (Physics)